| Registos Bibliográficos associados ao registo de autoridade |
|
Etiqueta de registo: 00254nam 2200025 450 001 2286446 003 http://id.bnportugal.gov.pt/bib/catbnp/2286446 100 ## $a20260518d2025 k y0pory01030103ba 101 0# $apor$deng 102 ## $aPT 105 ## $aa m 001yy 106 ## $ar 200 1# $aLer de longe e ler de perto$eanálise de padrões na obra completa de Jane Austen e deformação visual do livro Pride
and Prejudice$fJoana Gonçalves Rua$gorient. Manuel José de Freitas Portela, João Manuel Frade Belo Bicker 210 #9 $aCoimbra$c[s.n.],$d20256 215 ## $a285, [10] p.$cil.$d30 cm 328 #1 $aTese dout. Materialidades da Literatura, Faculdade de Letras da Universidade de Coimbra,
2025 675 ## $a821.111Austen, Jane.09(043)$vBN$zpor$32000675 700 #1 $aRua,$bJoana Gonçalves$31998613 702 #1 $aPortela,$bManuel$4727$3120346 702 #1 $aBicker,$bJoão Manuel$4727$3229003 801 #0 $aPT$bBN$gRPC 966 ## $lBN$mFGMON$sL. 182116 V.$x1 971 ## $cisantos$d20260518 973 ## $cigoulao$d20260616
|
|
|